ห้องสมุด วิทยาลัยพยาบาลบรมราชชนนี อุดรธานี Boromarajonani College of Nursing, Udonthani
mysqli: Table './ulib2015/stat_globaluid' is marked as crashed and last (automatic?) repair failed select id from stat_globaluid where statuid='20260418063234_3215' mysqli: Table './ulib2015/stat_globaluid' is marked as crashed and last (automatic?) repair failed DELETE FROM stat_globaluid
WHERE id NOT IN (
SELECT id
FROM (
SELECT id
FROM stat_globaluid
ORDER BY id DESC
LIMIT 100
) foo
); mysqli: Table './ulib2015/stat_globaluid' is marked as crashed and last (automatic?) repair failed insert into stat_globaluid set
statuid='20260418063234_3215',
dt='1776468754',
phpself='/ULIB/dublinfull.php',
agent='Mozilla/5.0 AppleWebKit/537.36 (KHTML, like Gecko; compatible; ClaudeBot/1.0; +claudebot@anthropic.com)',
yea='2026',
mon='4',
dat='18',
ip='216.73.216.142'
LEADER 00674nam 2200229 a 4500
001 13399120537
003 ULIBM
008 080611s2545 th m a001 0 tha d
020 ^a974-9580-58-3
050 4 ^aWA540^bป546ค^cc2545
245 10 ^aโครงสร้างใหม่ของกระทรวงสาธารณสุข...เพื่อสุขภาพคนไทย/^cปาณบดี เอกะจัมปกะ
250 ^aพิมพ์ครั้งที่ 1.
260 ^aกรุงเทพฯ:^bโรงพิมพ์ชุมนุมสหกรณ์การเกษตรแห่งประเทศไทย,^c2545
300 ^a 84 หน้า.
650 7 ^aการปฏิรูปกระทรวงสาธารณสุข
700 0 ^aคุณภาพชีวิตที่ดี
945 ^p0^l0^i7223
945 ^p0^l0^i7222
999 ^aลิขิตลักษณ์
คุณยังไม่ได้ล็อกอิน คุณสามารถมีกิจกรรมร่วมกับเว็บไซต์ได้ แต่ต้องล็อกอินก่อน ::
ลำดับที่
ประเภท
เลขเรียก /บาร์โค้ด
สถานที่
สถานะ
1.
หนังสือการพยาบาล WA540 ป546ค c2545 ฉ.1 Barcode: 7222 หนังสือเก่า On Shelf ขอยืม [แสดง 1/1 รายการ]
mysqli: Can't create/write to file '/var/tmp/#sql_59d_0.MAI' (Errcode: 2) select * from index_db where titl like '%โครงสร้างใหม่ของกระทรวงสาธารณสุข...เพื่อสุขภาพคนไทย/ ปาณบดี เอกะจัมปกะ%' and mid<>'13399120537' order by rand() limit 3 mysqli: Can't create/write to file '/var/tmp/#sql_59d_0.MAI' (Errcode: 2) select * from index_db where subj like '%การปฏิรูปกระทรวงสาธารณสุข%' and mid<>'13399120537' order by rand() limit 3
ยังไม่เคยถูกคอมเมนท์
คอมเมนท์ทรัพยากรรายการนี้
JavaScript must be enabled in order for you to use Google Maps.
However, it seems JavaScript is either disabled or not supported by your browser.
To view Google Maps, enable JavaScript by changing your browser options, and then
try again.